[Event "Tournoi International du Pays de Charleroi 2018"]
[Site "Roux, Belgium"]
[Date "2018.07.31"]
[Round "5.22"]
[White "Barbier, Astrid"]
[Black "Henris, Luc"]
[Result "0-1"]
[BlackTitle "FM"]
[WhiteElo "1842"]
[BlackElo "2204"]

1. e4 {[%clk 01:30:57]} {[%emt 00:00:03]} e5 {[%clk 01:30:55]} {[%emt
00:00:06]} 2. Nf3 {[%clk 01:31:21]} {[%emt 00:00:06]} Nc6 {[%clk 01:31:11]}
{[%emt 00:00:13]} 3. Bb5 {[%clk 01:31:45]} {[%emt 00:00:06]} f5 {[%clk
01:31:12]} {[%emt 00:00:29]} 4. d3 {[%clk 01:32:07]} {[%emt 00:00:09]} fxe4
{[%clk 01:31:17]} {[%emt 00:00:24]} 5. dxe4 {[%clk 01:32:24]} {[%emt 00:00:13]}
Nf6 {[%clk 01:31:37]} {[%emt 00:00:10]} 6. O-O {[%clk 01:31:38]} {[%emt
00:01:15]} Bc5 {[%clk 01:32:01]} {[%emt 00:00:07]} 7. Nc3 {[%clk 01:22:25]}
{[%emt 00:09:43]} d6 {[%clk 01:31:47]} {[%emt 00:00:44]} 8. Qe2 {[%clk
01:11:44]} {[%emt 00:11:11]} Bd7 {[%clk 01:30:09]} {[%emt 00:02:08]} 9. Be3
{[%clk 01:07:59]} {[%emt 00:04:16]} Bb6 {[%clk 01:26:23]} {[%emt 00:04:16]} 10.
Nd5 {[%clk 00:53:09]} {[%emt 00:15:19]} Bxe3 {[%clk 01:22:28]} {[%emt
00:04:25]} 11. Qxe3 {[%clk 00:52:25]} {[%emt 00:01:14]} O-O {[%clk 01:22:37]}
{[%emt 00:00:21]} 12. Bc4 {[%clk 00:50:39]} {[%emt 00:02:16]} Kh8 {[%clk
01:21:19]} {[%emt 00:01:48]} 13. h3 {[%clk 00:34:59]} {[%emt 00:16:10]} Ne7
{[%clk 01:17:49]} {[%emt 00:04:00]} 14. Nxf6 {[%clk 00:33:14]} {[%emt
00:02:16]} Rxf6 {[%clk 01:16:15]} {[%emt 00:02:03]} 15. Ng5 {[%clk 00:32:53]}
{[%emt 00:00:51]} Qf8 {[%clk 01:15:13]} {[%emt 00:01:32]} 16. Qe2 {[%clk
00:25:15]} {[%emt 00:08:08]} h6 {[%clk 01:08:40]} {[%emt 00:07:03]} 17. f4
{[%clk 00:21:05]} {[%emt 00:04:40]} exf4 {[%clk 01:04:59]} {[%emt 00:04:11]} 18.
Nf3 {[%clk 00:21:03]} {[%emt 00:00:32]} Nc6 {[%clk 01:03:31]} {[%emt 00:01:59]}
19. Qd2 {[%clk 00:19:52]} {[%emt 00:01:41]} Re8 {[%clk 01:01:58]} {[%emt
00:02:02]} 20. Rae1 {[%clk 00:19:50]} {[%emt 00:00:32]} Ne5 {[%clk 01:01:12]}
{[%emt 00:01:16]} 21. Bb3 {[%clk 00:18:21]} {[%emt 00:01:58]} Bc6 {[%clk
01:00:24]} {[%emt 00:01:19]} 22. Bd5 {[%clk 00:16:21]} {[%emt 00:02:30]} Bxd5
{[%clk 00:57:06]} {[%emt 00:03:48]} 23. Qxd5 {[%clk 00:13:08]} {[%emt
00:03:43]} b6 {[%clk 00:53:20]} {[%emt 00:04:16]} 24. b3 {[%clk 00:12:30]}
{[%emt 00:01:07]} a5 {[%clk 00:51:06]} {[%emt 00:02:45]} 25. Rf2 {[%clk
00:11:37]} {[%emt 00:01:23]} Nxf3+ {[%clk 00:47:31]} {[%emt 00:04:05]} 26. Rxf3
{[%clk 00:09:55]} {[%emt 00:02:11]} Re5 {[%clk 00:47:38]} {[%emt 00:00:23]} 27.
Qd2 {[%clk 00:08:40]} {[%emt 00:01:45]} g5 {[%clk 00:43:11]} {[%emt 00:04:58]}
28. Qd4 {[%clk 00:07:21]} {[%emt 00:01:49]} Qe7 {[%clk 00:38:26]} {[%emt
00:05:16]} 29. Rf2 {[%clk 00:07:02]} {[%emt 00:00:48]} Kg8 {[%clk 00:37:21]}
{[%emt 00:01:35]} 30. Qd3 {[%clk 00:06:34]} {[%emt 00:00:58]} Rfe6 {[%clk
00:36:56]} {[%emt 00:00:55]} 31. Rfe2 {[%clk 00:06:17]} {[%emt 00:00:47]} d5
{[%clk 00:36:56]} {[%emt 00:00:30]} 32. Qa6 {[%clk 00:04:46]} {[%emt 00:02:01]}
dxe4 {[%clk 00:34:57]} {[%emt 00:02:29]} 33. Kf1 {[%clk 00:04:12]} {[%emt
00:01:04]} e3 {[%clk 00:34:02]} {[%emt 00:01:24]} 34. Qa8+ {[%clk 00:04:11]}
{[%emt 00:00:32]} Kg7 {[%clk 00:34:08]} {[%emt 00:00:24]} 35. Qf3 {[%clk
00:04:23]} {[%emt 00:00:17]} Rd6 {[%clk 00:32:57]} {[%emt 00:01:41]} 36. c4
{[%clk 00:04:22]} {[%emt 00:00:32]} Rd2 {[%clk 00:32:46]} {[%emt 00:00:41]} 37.
Rxd2 {[%clk 00:02:44]} {[%emt 00:02:07]} exd2 {[%clk 00:32:57]} {[%emt
00:00:19]} 38. Rxe5 {[%clk 00:03:05]} {[%emt 00:00:09]} Qxe5 {[%clk 00:33:16]}
{[%emt 00:00:12]} 39. Qd1 {[%clk 00:03:27]} {[%emt 00:00:08]} Qe3 {[%clk
00:31:19]} {[%emt 00:02:26]} 40. Qa1+ {[%clk 00:02:40]} {[%emt 00:01:18]} Kf7
{[%clk 00:29:00]} {[%emt 00:02:49]} 41. Qb1 {[%clk 00:02:27]} {[%emt 00:00:42]}
Kf6 {[%clk 00:27:14]} {[%emt 00:02:16]} 42. Qb2+ {[%clk 00:29:39]} {[%emt
00:03:18]} Ke6 {[%clk 00:55:33]} {[%emt 00:02:11]} 43. Qb1 {[%clk 00:29:28]}
{[%emt 00:00:42]} Ke5 {[%clk 00:54:54]} {[%emt 00:01:08]} 44. Qa1+ {[%clk
00:28:26]} {[%emt 00:01:33]} Ke4 {[%clk 00:54:15]} {[%emt 00:01:09]} 45. Qd1
{[%clk 00:28:36]} {[%emt 00:00:20]} h5 {[%clk 00:51:58]} {[%emt 00:02:45]} 46.
a3 {[%clk 00:28:23]} {[%emt 00:00:45]} g4 {[%clk 00:52:05]} {[%emt 00:00:22]}
47. hxg4 {[%clk 00:27:34]} {[%emt 00:01:20]} hxg4 {[%clk 00:52:25]} {[%emt
00:00:10]} 48. Qe2 {[%clk 00:26:21]} {[%emt 00:01:42]} g3 {[%clk 00:51:29]}
{[%emt 00:01:26]} 49. Qxe3+ {[%clk 00:25:55]} {[%emt 00:00:57]} Kxe3 {[%clk
00:51:51]} {[%emt 00:00:08]} 0-1

[Event "Tournoi International du Pays de Charleroi 2018"]
[Site "Roux, Belgium"]
[Date "2018.07.31"]
[Round "5.21"]
[White "Verheyen, Olivier"]
[Black "Wiley, Tom"]
[Result "0-1"]
[WhiteElo "2012"]
[BlackElo "2207"]

1. e4 {[%clk 01:30:57]} {[%emt 00:00:02]} c5 {[%clk 01:30:56]} {[%emt
00:00:05]} 2. Nf3 {[%clk 01:31:21]} {[%emt 00:00:05]} e6 {[%clk 01:31:20]}
{[%emt 00:00:05]} 3. d4 {[%clk 01:31:48]} {[%emt 00:00:04]} cxd4 {[%clk
01:31:47]} {[%emt 00:00:03]} 4. Nxd4 {[%clk 01:32:14]} {[%emt 00:00:04]} a6
{[%clk 01:32:15]} {[%emt 00:00:03]} 5. Nc3 {[%clk 01:31:44]} {[%emt 00:00:59]}
b5 {[%clk 01:32:20]} {[%emt 00:00:25]} 6. a3 {[%clk 01:31:11]} {[%emt
00:01:04]} Bb7 {[%clk 01:32:35]} {[%emt 00:00:14]} 7. Be2 {[%clk 01:29:40]}
{[%emt 00:02:01]} Qc7 {[%clk 01:32:34]} {[%emt 00:00:31]} 8. O-O {[%clk
01:29:22]} {[%emt 00:00:48]} Nf6 {[%clk 01:32:57]} {[%emt 00:00:07]} 9. Bf3
{[%clk 01:29:17]} {[%emt 00:00:35]} d6 {[%clk 01:32:54]} {[%emt 00:00:33]} 10.
g3 {[%clk 01:27:01]} {[%emt 00:02:46]} Be7 {[%clk 01:32:11]} {[%emt 00:01:13]}
11. Bg2 {[%clk 01:27:10]} {[%emt 00:00:21]} O-O {[%clk 01:32:28]} {[%emt
00:00:13]} 12. Re1 {[%clk 01:26:56]} {[%emt 00:00:44]} Re8 {[%clk 01:31:33]}
{[%emt 00:01:25]} 13. Be3 {[%clk 01:26:40]} {[%emt 00:00:46]} Nbd7 {[%clk
01:31:24]} {[%emt 00:00:39]} 14. f4 {[%clk 01:24:41]} {[%emt 00:02:30]} Bf8
{[%clk 01:30:13]} {[%emt 00:01:40]} 15. Qd2 {[%clk 01:17:11]} {[%emt 00:08:00]}
Rac8 {[%clk 01:29:43]} {[%emt 00:01:00]} 16. Nde2 {[%clk 01:17:08]} {[%emt
00:00:33]} Nc5 {[%clk 01:26:57]} {[%emt 00:03:15]} 17. Bxc5 {[%clk 01:16:13]}
{[%emt 00:01:26]} Qxc5+ {[%clk 01:26:02]} {[%emt 00:01:25]} 18. Kh1 {[%clk
01:15:07]} {[%emt 00:01:35]} e5 {[%clk 01:16:18]} {[%emt 00:10:15]} 19. h3
{[%clk 01:11:41]} {[%emt 00:03:55]} g6 {[%clk 01:03:50]} {[%emt 00:12:59]} 20.
g4 {[%clk 00:53:57]} {[%emt 00:18:14]} exf4 {[%clk 00:58:17]} {[%emt 00:06:03]}
21. Qxf4 {[%clk 00:52:01]} {[%emt 00:02:26]} Bg7 {[%clk 00:58:13]} {[%emt
00:00:34]} 22. Nc1 {[%clk 00:48:27]} {[%emt 00:04:05]} Nd7 {[%clk 00:51:57]}
{[%emt 00:06:46]} 23. Nd3 {[%clk 00:48:31]} {[%emt 00:00:25]} Qc7 {[%clk
00:52:01]} {[%emt 00:00:27]} 24. Nb4 {[%clk 00:43:33]} {[%emt 00:05:27]} Bxc3
{[%clk 00:51:20]} {[%emt 00:01:12]} 25. bxc3 {[%clk 00:44:01]} {[%emt
00:00:02]} Ne5 {[%clk 00:49:39]} {[%emt 00:02:10]} 26. Re3 {[%clk 00:31:25]}
{[%emt 00:13:06]} a5 {[%clk 00:43:20]} {[%emt 00:06:49]} 27. Nd5 {[%clk
00:26:14]} {[%emt 00:05:40]} Bxd5 {[%clk 00:43:35]} {[%emt 00:00:15]} 28. exd5
{[%clk 00:26:40]} {[%emt 00:00:05]} Qd7 {[%clk 00:41:24]} {[%emt 00:02:42]} 29.
a4 {[%clk 00:20:15]} {[%emt 00:06:54]} Rc4 {[%clk 00:41:04]} {[%emt 00:00:50]}
30. Re4 {[%clk 00:20:20]} {[%emt 00:00:25]} Rxc3 {[%clk 00:40:38]} {[%emt
00:00:56]} 31. axb5 {[%clk 00:20:20]} {[%emt 00:00:30]} Qxb5 {[%clk 00:40:52]}
{[%emt 00:00:16]} 32. Rea4 {[%clk 00:12:53]} {[%emt 00:07:57]} Ra8 {[%clk
00:34:36]} {[%emt 00:06:46]} 33. Qd4 {[%clk 00:09:39]} {[%emt 00:03:43]} Rxc2
{[%clk 00:33:25]} {[%emt 00:01:42]} 34. Qe4 {[%clk 00:06:49]} {[%emt 00:03:20]}
Rc4 {[%clk 00:31:49]} {[%emt 00:02:06]} 0-1

[Event "Tournoi International du Pays de Charleroi 2018"]
[Site "Roux, Belgium"]
[Date "2018.07.31"]
[Round "5.23"]
[White "Russian, Carlo"]
[Black "Iolis, Oleg"]
[Result "0-1"]
[WhiteElo "1992"]
[BlackElo "2151"]

1. e4 {[%clk 01:30:58]} c5 {[%clk 01:30:55]} {[%emt 00:00:07]} 2. Nf3 {[%clk
01:31:05]} {[%emt 00:00:22]} d6 {[%clk 01:31:19]} {[%emt 00:00:06]} 3. Bb5+
{[%clk 01:29:19]} {[%emt 00:02:16]} Nc6 {[%clk 01:31:12]} {[%emt 00:00:37]} 4.
d4 {[%clk 01:28:56]} {[%emt 00:00:53]} cxd4 {[%clk 01:30:22]} {[%emt 00:01:20]}
5. Qxd4 {[%clk 01:29:21]} {[%emt 00:00:05]} e5 {[%clk 01:27:14]} {[%emt
00:03:39]} 6. Qd3 {[%clk 01:28:14]} {[%emt 00:01:36]} Nf6 {[%clk 01:27:34]}
{[%emt 00:00:10]} 7. Nc3 {[%clk 01:28:33]} {[%emt 00:00:12]} a6 {[%clk
01:25:14]} {[%emt 00:02:50]} 8. Bxc6+ {[%clk 01:28:32]} {[%emt 00:00:30]} bxc6
{[%clk 01:25:39]} {[%emt 00:00:06]} 9. Bg5 {[%clk 01:28:35]} {[%emt 00:00:26]}
Be7 {[%clk 01:25:52]} {[%emt 00:00:17]} 10. O-O-O {[%clk 01:28:55]} {[%emt
00:00:09]} Be6 {[%clk 01:23:26]} {[%emt 00:02:57]} 11. Kb1 {[%clk 01:24:32]}
{[%emt 00:04:53]} Qb6 {[%clk 01:20:32]} {[%emt 00:03:24]} 12. Rhe1 {[%clk
01:20:12]} {[%emt 00:04:50]} Rb8 {[%clk 01:02:29]} {[%emt 00:18:34]} 13. b3
{[%clk 01:13:06]} {[%emt 00:07:34]} O-O {[%clk 00:52:46]} {[%emt 00:10:14]} 14.
Nh4 {[%clk 01:05:44]} {[%emt 00:07:51]} Rfd8 {[%clk 00:47:13]} {[%emt
00:06:04]} 15. Nf5 {[%clk 00:59:25]} {[%emt 00:06:49]} Bxf5 {[%clk 00:45:33]}
{[%emt 00:02:11]} 16. exf5 {[%clk 00:59:47]} {[%emt 00:00:08]} Qxf2 {[%clk
00:40:10]} {[%emt 00:05:52]} 17. Ne4 {[%clk 00:40:55]} {[%emt 00:19:21]} Qa7
{[%clk 00:30:06]} {[%emt 00:10:35]} 18. Nxf6+ {[%clk 00:35:18]} {[%emt
00:06:07]} Bxf6 {[%clk 00:30:29]} {[%emt 00:00:07]} 19. Bxf6 {[%clk 00:35:37]}
{[%emt 00:00:11]} gxf6 {[%clk 00:30:55]} {[%emt 00:00:05]} 20. Qg3+ {[%clk
00:35:32]} {[%emt 00:00:34]} Kf8 {[%clk 00:31:06]} {[%emt 00:00:19]} 21. Re4
{[%clk 00:31:56]} {[%emt 00:04:04]} Ke7 {[%clk 00:27:09]} {[%emt 00:04:29]} 22.
Rg4 {[%clk 00:27:19]} {[%emt 00:05:06]} a5 {[%clk 00:26:39]} {[%emt 00:01:00]}
23. a4 {[%clk 00:18:50]} {[%emt 00:09:00]} d5 {[%clk 00:21:05]} {[%emt
00:06:03]} 24. Rg7 {[%clk 00:15:37]} {[%emt 00:03:43]} d4 {[%clk 00:17:04]}
{[%emt 00:04:32]} 25. Rxh7 {[%clk 00:15:44]} {[%emt 00:00:23]} c5 {[%clk
00:16:39]} {[%emt 00:00:54]} 26. Qh4 {[%clk 00:13:59]} {[%emt 00:02:15]} Rg8
{[%clk 00:12:38]} {[%emt 00:04:31]} 27. Re1 {[%clk 00:12:16]} {[%emt 00:02:13]}
Qc7 {[%clk 00:12:57]} {[%emt 00:00:12]} 28. Qh5 {[%clk 00:12:27]} {[%emt
00:00:19]} Ke8 {[%clk 00:12:35]} {[%emt 00:00:53]} 29. Qe2 {[%clk 00:10:40]}
{[%emt 00:02:16]} c4 {[%clk 00:12:36]} {[%emt 00:00:29]} 30. Rh3 {[%clk
00:10:17]} {[%emt 00:00:52]} d3 {[%clk 00:12:18]} {[%emt 00:00:49]} 31. Qe4
{[%clk 00:10:16]} {[%emt 00:00:30]} d2 {[%clk 00:07:29]} {[%emt 00:05:20]} 32.
Rd1 {[%clk 00:10:21]} {[%emt 00:00:25]} c3 {[%clk 00:07:41]} {[%emt 00:00:18]}
33. Qd3 {[%clk 00:09:20]} {[%emt 00:01:32]} Rc8 {[%clk 00:08:01]} {[%emt
00:00:09]} 34. Qa6 {[%clk 00:07:43]} {[%emt 00:02:06]} Ke7 {[%clk 00:06:10]}
{[%emt 00:02:22]} 35. Rh6 {[%clk 00:08:09]} {[%emt 00:00:04]} Qd6 {[%clk
00:06:18]} {[%emt 00:00:17]} 36. Qa7+ {[%clk 00:07:14]} {[%emt 00:01:30]} Rc7
{[%clk 00:06:33]} {[%emt 00:00:14]} 37. Qxa5 {[%clk 00:07:39]} {[%emt
00:00:06]} Rb8 {[%clk 00:04:22]} {[%emt 00:02:40]} 38. Ka2 {[%clk 00:07:17]}
{[%emt 00:00:53]} Rxb3 {[%clk 00:02:52]} {[%emt 00:02:01]} 39. Kxb3 {[%clk
00:06:38]} {[%emt 00:01:08]} Rb7+ {[%clk 00:03:13]} {[%emt 00:00:09]} 40. Qb5
{[%clk 00:06:21]} Rxb5+ 41. axb5 {[%clk 00:06:50]} Qd5+ {[%clk 00:00:52]}
{[%emt 00:02:45]} 42. Kxc3 {[%clk 00:02:31]} {[%emt 00:04:49]} Qd4+ {[%clk
00:01:17]} {[%emt 00:00:06]} 43. Kb3 {[%clk 00:02:57]} {[%emt 00:00:03]} Qe3+
{[%clk 00:01:29]} {[%emt 00:00:18]} 44. c3 {[%clk 00:03:07]} {[%emt 00:00:21]}
Qxh6 {[%clk 00:01:50]} {[%emt 00:00:09]} 45. Kc2 {[%clk 00:02:21]} {[%emt
00:01:16]} Qf4 {[%clk 00:01:43]} {[%emt 00:00:36]} 46. Kd3 {[%clk 00:02:23]}
{[%emt 00:00:29]} e4+ {[%clk 00:02:01]} {[%emt 00:00:13]} 47. Kd4 {[%emt
00:00:43]} 0-1

[Event "Tournoi International du Pays de Charleroi 2018"]
[Site "Roux, Belgium"]
[Date "2018.07.31"]
[Round "5.13"]
[White "Hoffmeister, Frank"]
[Black "Gitu, Paula-Alexandra"]
[Result "1/2-1/2"]
[BlackTitle "WFM"]
[WhiteElo "2170"]
[BlackElo "1990"]

1. d4 {[%clk 01:30:58]} f5 {[%clk 01:30:57]} {[%emt 00:00:04]} 2. c4 {[%clk
01:31:18]} {[%emt 00:00:10]} Nf6 {[%clk 01:31:23]} {[%emt 00:00:04]} 3. g3
{[%clk 01:31:32]} {[%emt 00:00:15]} e6 {[%clk 01:31:22]} {[%emt 00:00:32]} 4.
Bg2 {[%emt 00:00:23]} d5 {[%clk 01:31:35]} 5. Nf3 {[%clk 01:31:58]} {[%emt
00:00:27]} c6 {[%clk 01:31:38]} {[%emt 00:00:28]} 6. Nbd2 {[%clk 01:30:58]}
{[%emt 00:01:29]} Bd6 {[%clk 01:30:58]} {[%emt 00:01:11]} 7. b3 {[%clk
01:30:18]} {[%emt 00:01:10]} O-O {[%clk 01:30:22]} {[%emt 00:01:06]} 8. O-O
{[%clk 01:30:36]} {[%emt 00:00:11]} Qe7 {[%clk 01:28:53]} {[%emt 00:02:00]} 9.
Bb2 {[%clk 01:27:26]} {[%emt 00:03:40]} Bd7 {[%clk 01:23:51]} {[%emt 00:05:33]}
10. Ne5 {[%clk 01:15:04]} {[%emt 00:12:52]} Be8 {[%clk 01:11:15]} {[%emt
00:13:06]} 11. Ndf3 {[%clk 01:03:35]} {[%emt 00:11:58]} Bh5 {[%clk 01:00:04]}
{[%emt 00:11:41]} 12. Nd3 {[%clk 00:57:59]} {[%emt 00:06:05]} Nbd7 {[%clk
00:54:10]} {[%emt 00:06:26]} 13. Nfe5 {[%clk 00:56:36]} {[%emt 00:01:52]} g5
{[%clk 00:42:35]} {[%emt 00:12:05]} 14. f4 {[%clk 00:48:54]} {[%emt 00:08:11]}
g4 {[%clk 00:19:03]} {[%emt 00:24:04]} 15. a4 {[%clk 00:42:55]} {[%emt
00:06:28]} Rfc8 {[%clk 00:11:40]} {[%emt 00:07:53]} 16. Nxd7 {[%clk 00:40:21]}
{[%emt 00:03:05]} Nxd7 {[%clk 00:11:22]} {[%emt 00:00:48]} 17. c5 {[%clk
00:37:34]} {[%emt 00:03:17]} Bc7 {[%clk 00:11:42]} {[%emt 00:00:10]} 18. b4
{[%clk 00:37:48]} {[%emt 00:00:15]} a6 {[%clk 00:07:03]} {[%emt 00:05:09]} 19.
Qb3 {[%clk 00:34:09]} {[%emt 00:04:09]} Nf6 {[%clk 00:03:55]} {[%emt 00:03:37]}
20. Ne5 {[%clk 00:27:25]} {[%emt 00:07:13]} Be8 {[%emt 00:01:47]} 21. Rfb1
{[%clk 00:26:38]} Kg7 {[%clk 00:03:25]} {[%emt 00:01:00]} 22. Bc3 {[%clk
00:26:47]} {[%emt 00:00:21]} h5 {[%clk 00:01:47]} {[%emt 00:02:08]} 23. Be1
{[%clk 00:26:49]} {[%emt 00:00:27]} Bxe5 {[%clk 00:01:31]} {[%emt 00:00:47]} 24.
fxe5 {[%clk 00:19:48]} {[%emt 00:07:31]} Ne4 {[%clk 00:01:58]} {[%emt
00:00:03]} 25. Bxe4 {[%clk 00:18:08]} {[%emt 00:02:10]} dxe4 {[%clk 00:02:24]}
{[%emt 00:00:04]} 26. Bd2 {[%clk 00:16:36]} {[%emt 00:02:02]} Bd7 {[%clk
00:02:43]} {[%emt 00:00:11]} 27. Qe3 {[%clk 00:16:04]} {[%emt 00:01:01]} Rh8
{[%clk 00:03:09]} {[%emt 00:00:04]} 28. Qg5+ {[%clk 00:15:36]} {[%emt
00:00:58]} Qxg5 {[%clk 00:03:35]} {[%emt 00:00:05]} 29. Bxg5 {[%clk 00:16:01]}
{[%emt 00:00:05]} Kg6 {[%clk 00:03:52]} {[%emt 00:00:14]} 30. Bf6 {[%clk
00:16:24]} {[%emt 00:00:06]} Rhe8 {[%clk 00:04:05]} {[%emt 00:00:18]} 31. Kf2
{[%clk 00:16:47]} {[%emt 00:00:06]} Kf7 {[%clk 00:04:08]} {[%emt 00:00:28]} 32.
Ke3 {[%clk 00:17:04]} {[%emt 00:00:12]} Kg6 {[%clk 00:04:34]} {[%emt 00:00:05]}
33. Rb3 {[%clk 00:13:47]} {[%emt 00:03:47]} Rf8 {[%clk 00:04:36]} {[%emt
00:00:28]} 34. Kf4 {[%clk 00:12:54]} {[%emt 00:01:22]} Rf7 {[%clk 00:04:42]}
{[%emt 00:00:25]} 35. Rh1 {[%clk 00:12:23]} {[%emt 00:01:01]} Rh7 {[%clk
00:03:04]} {[%emt 00:02:08]} 36. Rbb1 {[%clk 00:10:10]} {[%emt 00:02:42]} Rf8
{[%clk 00:03:29]} {[%emt 00:00:05]} 37. h3 {[%clk 00:10:13]} {[%emt 00:00:28]}
Rff7 {[%clk 00:01:55]} {[%emt 00:02:05]} 38. Rh2 {[%clk 00:10:12]} {[%emt
00:00:30]} Be8 {[%clk 00:02:02]} {[%emt 00:00:23]} 39. Rbh1 {[%clk 00:09:02]}
{[%emt 00:01:40]} Bd7 {[%clk 00:01:53]} {[%emt 00:00:40]} 40. Bg5 {[%clk
00:08:58]} {[%emt 00:00:32]} gxh3 {[%clk 00:00:59]} {[%emt 00:01:24]} 41. Rxh3
{[%clk 00:09:25]} {[%emt 00:00:03]} Rh8 {[%clk 00:07:21]} {[%emt 00:24:08]} 42.
Bf6 {[%clk 00:39:10]} {[%emt 00:00:44]} Rhh7 {[%clk 00:06:21]} {[%emt
00:01:32]} 43. Rh4 {[%clk 00:39:25]} {[%emt 00:00:14]} Be8 {[%clk 00:05:38]}
{[%emt 00:01:13]} 44. Ke3 {[%clk 00:30:10]} {[%emt 00:09:44]} Rd7 {[%clk
00:05:24]} {[%emt 00:00:44]} 45. Rd1 {[%clk 00:28:57]} {[%emt 00:01:42]} Rc7
{[%clk 00:05:06]} {[%emt 00:00:49]} 46. Kf4 {[%emt 00:01:41]} 1/2-1/2

[Event "Tournoi International du Pays de Charleroi 2018"]
[Site "Roux, Belgium"]
[Date "2018.07.31"]
[Round "5.32"]
[White "Barbier, Wiebke"]
[Black "Geuquet, Michael"]
[Result "0-1"]
[WhiteElo "2031"]
[BlackElo "1912"]

1. e4 {[%clk 01:30:59]} c5 {[%clk 01:30:52]} {[%emt 00:00:09]} 2. Be2 {[%clk
01:31:24]} {[%emt 00:00:04]} Nc6 {[%clk 01:31:10]} {[%emt 00:00:13]} 3. d3
{[%clk 01:31:43]} {[%emt 00:00:11]} g6 {[%clk 01:31:08]} {[%emt 00:00:32]} 4.
c3 {[%clk 01:32:05]} {[%emt 00:00:08]} Bg7 {[%clk 01:31:34]} {[%emt 00:00:04]}
5. f4 {[%clk 01:32:29]} {[%emt 00:00:06]} e6 {[%clk 01:30:18]} {[%emt
00:01:46]} 6. Nf3 {[%clk 01:32:51]} {[%emt 00:00:07]} Nge7 {[%clk 01:30:24]}
{[%emt 00:00:24]} 7. O-O {[%clk 01:33:14]} {[%emt 00:00:08]} O-O {[%clk
01:30:10]} {[%emt 00:00:44]} 8. Qe1 {[%emt 00:00:32]} f5 {[%clk 01:27:26]}
{[%emt 00:03:02]} 9. e5 {[%clk 01:29:45]} {[%emt 00:04:08]} d6 {[%clk
01:25:01]} {[%emt 00:02:55]} 10. d4 {[%clk 01:29:43]} {[%emt 00:00:33]} cxd4
{[%clk 01:17:53]} {[%emt 00:07:38]} 11. cxd4 {[%clk 01:29:14]} {[%emt
00:00:58]} Qb6 {[%clk 01:18:01]} {[%emt 00:00:22]} 12. Qf2 {[%clk 01:29:09]}
{[%emt 00:00:35]} Nb4 {[%clk 01:11:46]} {[%emt 00:06:46]} 13. Na3 {[%clk
01:28:34]} {[%emt 00:01:05]} d5 {[%clk 01:09:21]} {[%emt 00:02:53]} 14. Bd2
{[%clk 01:26:03]} {[%emt 00:03:02]} Bd7 {[%clk 01:08:30]} {[%emt 00:01:21]} 15.
Bc3 {[%clk 01:25:59]} {[%emt 00:00:34]} a6 {[%clk 01:06:00]} {[%emt 00:03:01]}
16. h4 {[%clk 01:20:12]} {[%emt 00:06:16]} Rac8 {[%clk 01:04:31]} {[%emt
00:01:59]} 17. h5 {[%clk 01:20:02]} {[%emt 00:00:40]} gxh5 {[%clk 00:53:10]}
{[%emt 00:11:51]} 18. Qg3 {[%clk 01:15:52]} {[%emt 00:04:40]} Ng6 {[%clk
00:44:38]} {[%emt 00:09:03]} 19. Nh4 {[%clk 01:04:10]} {[%emt 00:12:11]} Nxh4
{[%clk 00:35:55]} {[%emt 00:09:13]} 20. Qxh4 {[%clk 01:04:29]} {[%emt
00:00:11]} Nc6 {[%clk 00:35:22]} {[%emt 00:01:04]} 21. Nc2 {[%clk 01:03:08]}
{[%emt 00:01:50]} Be8 {[%clk 00:34:23]} {[%emt 00:01:30]} 22. Bxh5 {[%clk
01:02:36]} {[%emt 00:01:02]} Bxh5 {[%clk 00:34:09]} {[%emt 00:00:44]} 23. Qxh5
{[%clk 01:03:02]} {[%emt 00:00:03]} a5 {[%clk 00:32:19]} {[%emt 00:02:20]} 24.
a3 {[%clk 01:01:50]} {[%emt 00:01:42]} Qb5 {[%clk 00:30:19]} {[%emt 00:02:31]}
25. Rad1 {[%clk 00:59:52]} {[%emt 00:02:27]} Qa4 {[%clk 00:29:54]} {[%emt
00:00:56]} 26. Ne1 {[%clk 00:54:46]} {[%emt 00:05:35]} Ne7 {[%clk 00:27:39]}
{[%emt 00:02:45]} 27. Nf3 {[%clk 00:51:14]} {[%emt 00:04:02]} h6 {[%clk
00:27:59]} {[%emt 00:00:10]} 28. Qh4 {[%clk 00:48:25]} {[%emt 00:03:19]} Ng6
{[%clk 00:27:03]} {[%emt 00:01:27]} 29. Qg3 {[%clk 00:48:13]} {[%emt 00:00:41]}
Kf7 {[%clk 00:23:26]} {[%emt 00:04:08]} 30. Qh2 {[%clk 00:42:53]} {[%emt
00:05:49]} Rg8 {[%clk 00:20:56]} {[%emt 00:03:00]} 31. Qh5 {[%clk 00:42:55]}
{[%emt 00:00:28]} Bf8 {[%clk 00:20:08]} {[%emt 00:01:18]} 32. Nh4 {[%clk
00:34:15]} {[%emt 00:09:10]} Be7 {[%clk 00:19:50]} {[%emt 00:00:48]} 33. Nxf5
{[%emt 00:01:18]} exf5 {[%clk 00:19:06]} {[%emt 00:01:11]} 34. Qxf5+ {[%clk
00:33:56]} {[%emt 00:00:04]} Kg7 {[%clk 00:19:21]} {[%emt 00:00:15]} 35. Qe6
{[%clk 00:33:39]} {[%emt 00:00:46]} Rc6 {[%clk 00:15:29]} {[%emt 00:04:23]} 36.
Qxd5 {[%clk 00:30:29]} {[%emt 00:03:40]} Nh4 {[%clk 00:14:37]} {[%emt
00:01:22]} 37. Rd3 {[%clk 00:23:16]} {[%emt 00:07:43]} Kh8 {[%clk 00:13:24]}
{[%emt 00:01:43]} 38. Rf2 {[%clk 00:22:16]} {[%emt 00:01:29]} Rcg6 {[%clk
00:13:04]} {[%emt 00:00:51]} 39. Rdd2 {[%clk 00:20:33]} {[%emt 00:02:13]} Rg3
{[%clk 00:10:14]} {[%emt 00:03:20]} 40. Qxb7 {[%clk 00:06:38]} {[%emt
00:14:25]} Qe8 {[%clk 00:09:45]} {[%emt 00:01:00]} 41. Kf1 {[%clk 00:28:37]}
{[%emt 00:08:30]} Nf5 {[%clk 00:29:08]} {[%emt 00:11:07]} 42. Rde2 {[%clk
00:19:05]} {[%emt 00:10:02]} Qh5 {[%clk 00:26:33]} {[%emt 00:03:05]} 43. Ke1
{[%clk 00:13:05]} {[%emt 00:06:30]} Rd3 {[%clk 00:13:13]} {[%emt 00:13:49]} 44.
Bd2 {[%clk 00:03:58]} {[%emt 00:09:37]} Qh1+ {[%clk 00:12:25]} {[%emt
00:01:18]} 45. Rf1 {[%clk 00:04:24]} {[%emt 00:00:03]} Bh4+ {[%clk 00:12:28]}
{[%emt 00:00:28]} 46. Ref2 {[%clk 00:03:51]} {[%emt 00:01:03]} Bxf2+ {[%clk
00:12:08]} {[%emt 00:00:49]} 47. Kxf2 {[%clk 00:03:07]} {[%emt 00:01:15]} Rxd2+
{[%clk 00:12:26]} {[%emt 00:00:12]} 48. Ke1 {[%clk 00:03:27]} {[%emt 00:00:10]}
Qxg2 {[%clk 00:12:42]} {[%emt 00:00:13]} 49. Qxg2 {[%clk 00:02:26]} {[%emt
00:01:32]} Rgxg2 {[%clk 00:13:07]} {[%emt 00:00:04]} 50. Rg1 {[%clk 00:02:47]}
{[%emt 00:00:10]} Rge2+ {[%clk 00:13:30]} {[%emt 00:00:07]} 51. Kf1 {[%clk
00:03:03]} {[%emt 00:00:14]} Ne3# {[%clk 00:13:06]} {[%emt 00:00:04]} 0-1